Énmárkák a sport világában

Bibliográfiai részletek
Szerző: Polányi Roland
További közreműködők: Kovács Dr. habil András
Dokumentumtípus: Diplomadolgozat
Kulcsszavak:Énmárka
Sportmarketing
Brandépítés
Online Access:http://dolgozattar.uni-bge.hu/18295

MARC

LEADER 00000nta a2200000 i 4500
001 dolg18295
005 20181129152855.0
008 181129suuuu hu om 000 hun d
040 |a BGE Dolgozattár Repozitórium  |b hun 
041 |a hu 
100 1 |a Polányi Roland 
245 1 0 |a Énmárkák a sport világában  |c Polányi Roland  |h [elektronikus dokumentum] 
246 1 1 |a Énmárkák a sport világában 
695 |a Énmárka 
695 |a Sportmarketing 
695 |a Brandépítés 
700 1 |a Kovács Dr. habil András  |e ths 
856 4 0 |u http://dolgozattar.uni-bge.hu/18295/1/Pol%C3%A1nyi%20Roland_DGRFFD_KM.pdf  |z Dokumentum-elérés